00433nam a22001457a 4500003000400000082001700004100001800021245005600039260002600095300000800121650001900129942001200148952011000160999001700270SGT a617.69bR25S aSharma, Divya aRole of titled implants in full arch rehabilitation bSGT University c2025 a109 aProsthodontics 2ddccTH 00102ddc405171aFDbFDd2025-06-13iSGTUl0o617.69 R25SpDT2218r2025-06-13 00:00:00w2025-06-13yTH c31364d31364